00356pab a2200133 454500008004000000100002200040245005200062260000900114300001400123362000800137650001800145650002800163773003100191180718b2004 xxu||||| |||| 00| 0 eng d aBrooks, Arthur C. aThe effects of public policy on private charity c2004 ap.166-85. aMay aPublic policy aNonprofit organizations aAdministration and Society